| 000 -LEADER |
| fixed length control field |
01012nam a22003017a 4500 |
| 001 - CONTROL NUMBER |
| control field |
8816280 |
| 003 - CONTROL NUMBER IDENTIFIER |
| control field |
LIBRIS |
| 005 - DATE AND TIME OF LATEST TRANSACTION |
| control field |
20210421065619.0 |
| 008 - FIXED-LENGTH DATA ELEMENTS--GENERAL INFORMATION |
| fixed length control field |
021128s2004 xxk|||m| |0 |0eng c |
| 020 ## - INTERNATIONAL STANDARD BOOK NUMBER |
| International Standard Book Number |
0954896505 |
| 022 ## - INTERNATIONAL STANDARD SERIAL NUMBER |
| International Standard Serial Number |
1475-9225 |
| 040 ## - CATALOGING SOURCE |
| Original cataloging agency |
eng |
| Language of cataloging |
eng |
| Transcribing agency |
DLC |
| 041 ## - LANGUAGE CODE |
| Language code of text/sound track or separate title |
eng |
| 080 ## - UNIVERSAL DECIMAL CLASSIFICATION NUMBER |
| Universal Decimal Classification number |
616 |
| Item number |
C-61 |
| 100 ## - MAIN ENTRY--PERSONAL NAME |
| 9 (RLIN) |
520 |
| Personal name |
United Health Foundation |
| 222 #0 - KEY TITLE |
| Key title |
Clinical evidence concise |
| 245 00 - TITLE STATEMENT |
| Title |
Clinical evidence concise |
| Remainder of title |
The international source of the best available evidence for effective health care / |
| Statement of responsibility, etc. |
BMJ Publishing Group |
| 260 ## - PUBLICATION, DISTRIBUTION, ETC. |
| Place of publication, distribution, etc. |
London : |
| Name of publisher, distributor, etc. |
BMJ, |
| Date of publication, distribution, etc. |
2004 |
| 300 ## - PHYSICAL DESCRIPTION |
| Extent |
601 p. Appendix 7 p. |
| Other physical details |
ill. 1 CD |
| 310 ## - CURRENT PUBLICATION FREQUENCY |
| Current publication frequency |
Biannual |
| 365 ## - TRADE PRICE |
| Price amount |
170 usd |
| 650 #2 - SUBJECT ADDED ENTRY--TOPICAL TERM |
| Topical term or geographic name entry element |
Evidence-based medicine |
| 650 #0 - SUBJECT ADDED ENTRY--TOPICAL TERM |
| Topical term or geographic name entry element |
Diagnostics |
| 9 (RLIN) |
77 |
| 653 ## - INDEX TERM--UNCONTROLLED |
| Uncontrolled term |
დიაგნოსტიკა |
| 653 ## - INDEX TERM--UNCONTROLLED |
| Uncontrolled term |
მტკიცებულებაზე დაფუძნებული მედიცინა |
| 700 ## - ADDED ENTRY--PERSONAL NAME |
| 9 (RLIN) |
521 |
| Personal name |
McGuire, W. William |
| Relator term |
United Health Foundation Chairman |
| 942 ## - ADDED ENTRY ELEMENTS (KOHA) |
| Source of classification or shelving scheme |
|
| Koha item type |
Books |